000 00786cam a2200229 4500
008 090401t1989 xxu||||| |||| 00| 0 eng d
020 _a0854064400
035 _a(Sirsi) u49841
041 _aeng
050 _a332.6324
110 _aSociety of Property Researchers
_923
245 4 _aThe application of forecasting techniques to the property market : papers presented at a series of technical seminars ... Spring 1989
260 _aLondon
_bRoyal Institution of Chartered Surveyors
_c1989
300 _a64p. ; 30cm.
350 _a7.5
520 _aPapers by Pearce,Brian ; Hetherington,John ; Chandler,John Wood,Bronwen .
650 _aECONOMETRICS
650 _aFORECASTS
710 _aRoyal Institution of Chartered Surveyors
_94900
942 _n0
948 _c04/03/1997
999 _c92603
_d92603